00339nam a2200121 a 4500008004100000050001500041100002300056245003300079246003900112260003500151300002200186350000900208120416s1972 ||||||||||||||||| || u aHT 151 Det aDetwyler, Thomas R10aUrbanization and environment athe physical geography of the city aBelmont, Cal.bDuxbury Pc1972 aviii, 287p. : ill a0.00